La integración social de las ciudades estadounidenses de más de 100.000 habitantes... /

Detalles Bibliográficos
Autor principal: Angell, Robert C.
Formato: Libro
Lenguaje:Espa�ol
Publicado: Santa Fe : Universidad Nacional del Litoral. Facultad de Ciencias Matemáticas. Instituto de Planeamiento Regional y Urbano, 1962
Colección:Ficha ; no 8
Materias:
Etiquetas: Agregar Etiqueta
Sin Etiquetas, Sea el primero en etiquetar este registro!

MARC

LEADER 00000nam#a22000001ab4500
001 00008851
003 AR-BaUAD
005 20230908140100.0
008 931018s1962####ag#||||##||||||||#||spa|d
040 |a AR-BaUAD  |b spa  |c AR-BaUAD 
041 |a spa 
044 |c ar  |2 ISO3166-1 
100 1 |a Angell, Robert C. 
245 1 3 |a La integración social de las ciudades estadounidenses de más de 100.000 habitantes... /  |c tr. Carlos Eduardo Saltzmann 
260 |a Santa Fe :  |b Universidad Nacional del Litoral. Facultad de Ciencias Matemáticas. Instituto de Planeamiento Regional y Urbano,  |c 1962 
300 |a 1 h. p., 13 h. num. :  |b tablas 
490 |a Ficha ;  |v no 8 
500 |a Tit. orig.: Social integration of american cities of more than 100.000 population". 
500 |a "Artículo aparecido en "Hatt and Reiss, ed., Reader in urban sociology. The Free Press, Glencoe, Illinois, 1951". 
504 |a Notas bibliográficas: h. 13. 
500 |a Texto mimeografiado. 
653 |a SOCIOLOGIA URBANA 
653 |a URBANISMO 
653 |a ESTADOS UNIDOS 
655 |a TEXTO 
852 |c 178-1 
952 |0 0  |1 0  |4 0  |6 1781  |7 0  |9 6054  |a AR-BaUAD  |b AR-BaUAD  |d 0000-00-00  |e compra Universidad Lit.  |g 15.00  |i 8851. Transfer. del ISU  |l 0  |o 178-1  |p yxs3z8851. Transfer.  |r 2023-09-08 14:01:00  |w 2023-09-08  |y BK 
952 |0 0  |1 0  |4 0  |7 0  |9 6055  |a AR-BaUAD  |b AR-BaUAD  |d 0000-00-00  |e donac. Cent. Doc. Cient.  |g 20.00  |i 2-30  |l 0  |p 9dcyp2-30  |r 2023-09-08 14:01:00  |w 2023-09-08  |y BK 
990 |a Ej. No1 : 8851. Transfer. del ISU . 20/4/1964 -- compra Universidad Lit. -- (15 pesos).  |b ADM 
990 |a Ej. No2 : 2-30 . 10/4/1969 -- donac. Cent. Doc. Cient. -- (20 pesos).  |b ADM 
990 |a U196  |b TD 
990 |a AAQ00008851  |b CC 
998 |a AAQ  |b Bibun 76 
942 |c BK 
999 |c 2816  |d 2816